00608nam a2200205 a 450000100060000000300080000600500170001400800410003102000150007203500190008704000230010604100080012908200260013724500720016326000400023530000360027550400380031165000170034970000360036667218BD-RjUL20211209081628.0731109s1972 enka b 001 0 eng  a0471290378 a(BD-RjUL)67349 aDLCcDLCdDLCbeng aeng00223a615.329bMOL 197214aThe Molecular basis of antibiotic action /c E. F. Gale... [et al.] aLondon ;aNew York :bWiley,c1972. axviii, 456 p. :bill. ;c24 cm. aIncludes bibliographies and index 0aAntibiotics.1 aGale, E. F.q(Ernest Frederick)